00318nam a22001217a 450000500170000002000220001703500130003903700130005210000150006524500550008026000420013530000190017720120508122052.0 a8186141111c00.00 aA-996523 aDPLbENG aToor, N.S. aBank finance for industry and trade /cby N S Toor aNew DelhibSkylark Publicationsc1999 a390p.c18 cms.